|
|
|
|
| LEADER |
00777nam a22001931 4500 |
| 001 |
c000360510 |
| 003 |
CARM |
| 005 |
00000000000000.0 |
| 008 |
851113s1964 enk 0 eng d |
| 019 |
1 |
|
|a 4137634
|z 42731403
|z 45078843
|z 27718033
|z 51969182
|5 LACONCORD2021
|
| 035 |
|
|
|a (OCoLC)295521
|5 LACONCORD2021
|
| 100 |
1 |
|
|a Coghlan, Brian.
|
| 245 |
1 |
0 |
|a Hofmannsthal's festival dramas :
|b Jedermann, Das Salzburger grosse Welttheater, Der Turm.
|
| 260 |
|
|
|a Camb. :
|b Cambridge U.P.,
|c 1964.
|
| 600 |
1 |
0 |
|a Hoffmansthal, Hugo von.
|
| 852 |
8 |
|
|b CARM
|h A1:AL32G0
|i B10186
|p 0429840
|f BK
|
| 082 |
0 |
4 |
|a 832.9
|
| 999 |
f |
f |
|i d325b18a-dba0-5bd2-96ab-55820f99b08f
|s caf9ca23-a552-5bad-8034-985210b10545
|
| 952 |
f |
f |
|p Can circulate
|a CAVAL
|b CAVAL
|c CAVAL
|d CARM 1 Store
|e B10186
|f A1:AL32G0
|h Other scheme
|i book
|m 0429840
|